00680nam a2200205 a 450000100060000000300090000600800410001502000150005604000280007108200140009910000260011324500220013926000740016130000080023565000410024365000120028494200120029699900170030895201490032513286CO-ViMGA141112s2004 ck r 000 u spa d a9582807032 aCO-ViMGAbspacCO-ViMGA04a158 J433m1 aJeffers, Susan91947110aMensajes con amor aSantafé de Bogotá : bEditorial Printer Latinoaméricana, c1997 a19714aAUTORREALIZACION - PSICOLOGIA91947214aética 2ddccBK c24034d24034 00102ddc40708002aMEVIECARbMEVIECARd2015-12-04hVolumen. 1 | 11/jun/2009l0o158 J433m p08375r2015-12-04 00:00:00tEj. 1w2015-12-04yBK